Science and engineering programs for the timex/sinclair 1000 (Record no. 57075)

MARC details
000 -LEADER
fixed length control field 00855nam a2200217 a 4500
008 - FIXED-LENGTH DATA ELEMENTS--GENERAL INFORMATION
fixed length control field 120416s1983 ||||||||||||||||| || u
020 ## - INTERNATIONAL STANDARD BOOK NUMBER
International Standard Book Number 0070374449
050 ## - LIBRARY OF CONGRESS CALL NUMBER
Classification number QA 76.754 Lew
100 ## - MAIN ENTRY--PERSONAL NAME
Personal name Lewart, Cass R
245 10 - TITLE STATEMENT
Title Science and engineering programs for the timex/sinclair 1000
260 ## - PUBLICATION, DISTRIBUTION, ETC.
Place of publication, distribution, etc. New York:
Name of publisher, distributor, etc. McGraw-Hill
Date of publication, distribution, etc. 1983
300 ## - PHYSICAL DESCRIPTION
Extent viii, 112p. : ill.
350 ## - PRICE (NR) (BK AM CF MU VM SE) [OBSOLETE]
Price 0.00
490 ## - SERIES STATEMENT
Series statement A Byte book
490 ## - SERIES STATEMENT
Volume/sequential designation Byte books.
500 ## - GENERAL NOTE
General note Cover title: Science & engineering programs for the Timex/Sinclair 1000. -Includes index. -Bibliography: p. 110.
650 ## - SUBJECT ADDED ENTRY--TOPICAL TERM
Topical term or geographic name entry element ENGINEERING--COMPUTER PROGRAMS
650 ## - SUBJECT ADDED ENTRY--TOPICAL TERM
Topical term or geographic name entry element SCIENCE--COMPUTER PROGRAMS
650 ## - SUBJECT ADDED ENTRY--TOPICAL TERM
Topical term or geographic name entry element TIMEX 1000(COMPUTER)--PROGRAMMING
995 ## - RECOMMENDATION 995 [LOCAL, UNIMARC FRANCE]
-- 0.00
-- CBU-MAIN LIBRARY (Kitwe)
-- 1
-- 13.95
-- 1
-- DAMAGED
-- Main Library Open Access Collection
Holdings
Withdrawn status Lost status Source of classification or shelving scheme Damaged status Not for loan Home library Current library Shelving location Date acquired Total Checkouts Full call number Barcode Date last seen Price effective from Koha item type
          CBU-MAIN LIBRARY, KITWE. CBU-MAIN LIBRARY, KITWE.   11/30/2022   QA 76.754 Lew 010056 11/30/2022 11/30/2022 MONOGRAPH